|
|
|
|
| LEADER |
00000nab a2200000 a 4500 |
| 001 |
vtls008953687 |
| 003 |
SK-MaSNL |
| 005 |
20260426071629.0 |
| 008 |
140302c2007 xo er|p||| |000 b|slo |
| 015 |
|
|
|a SNBRB2007/03
|
| 038 |
|
|
|a SPK
|
| 040 |
|
|
|a SPKCL
|b slo
|c 1997
|e AACR2
|
| 041 |
0 |
|
|a slo
|
| 044 |
|
|
|a xo
|c SK
|
| 072 |
|
7 |
|a 339.7/.9
|x Svetová ekonomika a medzinárodné financie
|2 konspekt
|
| 072 |
|
7 |
|a 371
|x Školstvo (organizácia)
|2 konspekt
|
| 072 |
|
7 |
|a 336.1/.5
|x Verejné financie
|2 konspekt
|
| 080 |
|
|
|a 339.923
|x (4)
|2 1997
|
| 080 |
|
|
|a 371
|x (437.6)
|2 1997
|
| 080 |
|
|
|a 336.1
|2 1997
|
| 100 |
1 |
|
|a Kováčiková, Miriam
|4 aut
|9 856360
|
| 245 |
1 |
0 |
|a Výrazná európska podpora vzdelávania
|c Miriam Kováčiková
|
| 610 |
2 |
7 |
|a Európska únia
|2 spk
|9 29861
|
| 650 |
0 |
7 |
|a školstvo
|2 spk
|9 19712
|
| 650 |
0 |
7 |
|a štrukturálne fondy
|2 snkbucl
|9 4193
|
| 651 |
|
7 |
|a Slovensko
|2 spk
|9 14231
|
| 773 |
0 |
|
|t Učiteľské noviny
|g Roč. LV., č. 1 (2007), s. 4
|x 0139-5769
|
| 852 |
|
|
|a SPK
|b KIS3GCP
|
| 999 |
|
|
|c 2680413
|d 2682343
|